000 00323nam a2200133Ia 4500
008 190216s9999||||xx |||||||||||||| ||und||
100 _aAditya P Mathur
245 0 _aIntroduction To Microprocessors
250 _a1st Ed.
260 _bTata Mcgrawhill Publishers
_c1984
300 _a480
650 _aComputer
942 _cBK
999 _c8340
_d8340